RÁZOVÉ ZAŤAŽENIA V DRVIČI RÁZOVÉHO REZANIA

Bibliographic Details
Main Authors: Ragan, Emil, 1936- (Author), Blagodarny, Vladimír (Author)
Format: Article
Language:Slovak

MARC

LEADER 00000naa a2200000uu 4500
001 vtls010942905
003 SK-MaSNL
005 20260302143231.0
008 210824|1999 xo |||||||||||||||||slo|
015 |a SNBRA 
035 |a (urnnbn)urn:nbn:sk:snk:ar-a0bd8p 
035 |a (uuid)9661d84a-ca2b-4148-9061-f8852c950a4d 
035 |a urn:nbn:sk:snk-aau5h9 
040 |a SNKBUCL  |b slo  |c SNKBUCL  |e AACR2 
041 0 |a slo 
044 |a xo  |c SK 
100 1 |a Ragan, Emil,  |d 1936-  |4 aut  |9 107502 
245 1 0 |a RÁZOVÉ ZAŤAŽENIA V DRVIČI RÁZOVÉHO REZANIA  |c Emil Ragan, Vladimír Blagodarny 
700 1 |a Blagodarny, Vladimír  |4 aut  |9 646726 
773 0 |t Nové trendy v prevádzke výrobnej techniky  |d V Košiciach : Technická univerzita, 1999, 1999  |g S. 1-5  |z 8070994568 
958 |a OND 
958 |a article11 
958 |a chapter 
999 |c 1343321  |d 1345251